[Event "Kanoni Easter op 1st"]
[Site "Kanoni"]
[Date "2019.05.01"]
[Round "4"]
[White "Bebis, Epaminondas Alexand"]
[Black "Sideris, Nikiforos"]
[Result "0-1"]
[WhiteElo "1578"]
[BlackElo "1923"]
[PlyCount "52"]
[EventDate "2019.04.29"]
[EventType "swiss"]
[EventRounds "9"]
[EventCountry "GRE"]
[SourceTitle "CBM 190 Extra"]
[Source "ChessBase"]
[SourceDate "2019.07.15"]
[SourceVersion "1"]
[SourceVersionDate "2019.07.15"]
[SourceQuality "1"]

1. Nf3 c5 2. b3 Nc6 3. Bb2 d5 4. e4 dxe4 5. Ng5 Bf5 6. g4 e5 7. Nxf7 Kxf7 8. gxf5 Nf6 9. Bc4+ Ke8 10. Qe2 a6 11. d3 b5 12. Be6 Nd4 13. Qd1 exd3 14. cxd3 e4 15. dxe4 Nxe6 16. Bxf6 Qxf6 17. fxe6 Rd8 18. Nd2 c4 19. Kf1 Bb4 20. e5 Qxe6 21. a3 Rxd2 22. Qe1 Qd5 23. Rg1 Bc5 24. Rxg7 Rf8 25. Rg2 Rfxf2+ 26. Rxf2 Qh1# 0-1

[Event "Paleochora op 11th"]
[Site "Paleochora"]
[Date "2018.07.23"]
[Round "7"]
[White "Sideris, Nikiforos"]
[Black "Worek, Joanna"]
[Result "0-1"]
[WhiteElo "1986"]
[BlackElo "2298"]
[PlyCount "44"]
[EventDate "2018.07.18"]
[EventType "swiss"]
[EventRounds "9"]
[EventCountry "GRE"]
[SourceTitle "CBM 186 Extra"]
[Source "ChessBase"]
[SourceDate "2018.08.24"]
[SourceVersion "1"]
[SourceVersionDate "2018.08.24"]
[SourceQuality "1"]

1. b3 e5 2. Bb2 Nc6 3. e3 Nf6 4. c4 d5 5. cxd5 Nxd5 6. d3 Bd6 7. Nf3 0-0 8. a3 f5 9. Be2 Be6 10. Qc2 Qf6 11. Nbd2 Rae8 12. b4 a6 13. Nb3 Kh8 14. Nc5 Bc8 15. Rc1 Qg6 16. Nd2 e4 17. g3 f4 18. dxe4 fxe3 19. exd5 exd2+ 20. Kxd2 Rxf2 21. Rhe1 Qg5+ 22. Kc3 Qxd5 0-1

[Event "WchT Seniors 50"]
[Site "Hersonissos"]
[Date "2017.04.29"]
[Round "6.3"]
[White "Sideris, Nikiforos"]
[Black "Soffer, Ram"]
[Result "0-1"]
[WhiteElo "1975"]
[BlackElo "2508"]
[PlyCount "48"]
[EventDate "2017.04.24"]
[EventType "team-swiss"]
[EventRounds "9"]
[EventCountry "GRE"]
[SourceTitle "CBM 178 Extra"]
[Source "ChessBase"]
[SourceDate "2017.06.22"]
[SourceVersion "1"]
[SourceVersionDate "2017.06.22"]
[SourceQuality "1"]
[WhiteTeam "Greece"]
[BlackTeam "Israel"]
[WhiteTeamCountry "GRE"]
[BlackTeamCountry "ISR"]

1. e4 e5 2. Nf3 Nc6 3. Bb5 a6 4. Bxc6 dxc6 5. 0-0 Qf6 6. d4 exd4 7. Qxd4 Qxd4 8. Nxd4 Bd7 9. Nc3 0-0-0 10. Bf4 Ne7 11. Rfe1 h5 12. Be3 Ng6 13. f4 Bb4 14. Nde2 h4 15. a3 Bd6 16. Kf2 f6 17. Kf3 Rh5 18. Rh1 Rdh8 19. Rad1 b5 20. Rd2 Rf8 21. Rhd1 Ne5+ 22. fxe5 fxe5+ 23. Nf4 exf4 24. Bd4 Rg5 0-1

[Event "WchT Seniors 50"]
[Site "Hersonissos"]
[Date "2017.04.27"]
[Round "4.3"]
[White "Sideris, Nikiforos"]
[Black "Fletcher, John T"]
[Result "1-0"]
[WhiteElo "1975"]
[BlackElo "1947"]
[PlyCount "117"]
[EventDate "2017.04.24"]
[EventType "team-swiss"]
[EventRounds "9"]
[EventCountry "GRE"]
[SourceTitle "CBM 178 Extra"]
[Source "ChessBase"]
[SourceDate "2017.06.22"]
[SourceVersion "1"]
[SourceVersionDate "2017.06.22"]
[SourceQuality "1"]
[WhiteTeam "Greece"]
[BlackTeam "Wales"]
[WhiteTeamCountry "GRE"]
[BlackTeamCountry "WLS"]

1. b3 d5 2. Bb2 Nc6 3. e3 Nf6 4. Nf3 Bf5 5. Bb5 a6 6. Bxc6+ bxc6 7. 0-0 e6 8. d3 Bd6 9. Nbd2 Bg4 10. e4 Bf4 11. Qe1 Nd7 12. e5 0-0 13. h3 Bxf3 14. Nxf3 c5 15. Qe2 c6 16. Rfe1 Qc7 17. a4 Rfb8 18. g3 Bh6 19. Nh2 g6 20. f4 Qb6 21. Kg2 Qb4 22. Ng4 Bg7 23. Nf6+ Bxf6 24. exf6 d4 25. f5 exf5 26. Qe7 Rb7 27. Re2 Nf8 28. Qd6 Rd7 29. Qe5 Ne6 30. g4 fxg4 31. hxg4 Qb8 32. Kg3 Rd5 33. Qxb8+ Rxb8 34. Rf1 h6 35. Bc1 g5 36. Rh2 Nf8 37. Rxh6 Ng6 38. Rf5 Re8 39. Rxd5 cxd5 40. Bxg5 Re2 41. Rh2 Rxh2 42. Kxh2 Kf8 43. Bc1 Ke8 44. Ba3 c4 45. bxc4 dxc4 46. dxc4 Ne5 47. Kg3 Nxc4 48. Bc5 Ne3 49. c3 Kd7 50. Bxd4 Nc4 51. Kf4 a5 52. Kg5 Ke6 53. Kh6 Nd6 54. Kg7 Ne8+ 55. Kf8 Nd6 56. g5 Ne4 57. g6 fxg6 58. Kg7 Nd6 59. Kxg6 1-0

[Event "Heraklion Gazi op 12th"]
[Site "Malevizi"]
[Date "2016.07.31"]
[Round "4"]
[White "Sideris, Nikiforos"]
[Black "Karteri, Dimitra"]
[Result "1-0"]
[WhiteElo "2004"]
[BlackElo "1854"]
[PlyCount "71"]
[EventDate "2016.07.28"]
[EventType "swiss"]
[EventRounds "9"]
[EventCountry "GRE"]
[SourceTitle "CBM 173 Extra"]
[Source "ChessBase"]
[SourceDate "2016.08.29"]
[SourceVersion "1"]
[SourceVersionDate "2016.08.29"]
[SourceQuality "1"]

1. b3 e5 2. Bb2 Nc6 3. e3 Nf6 4. Bb5 Bd6 5. Na3 Na5 6. Be2 c6 7. c4 Qe7 8. Nc2 b6 9. Nf3 0-0 10. d4 e4 11. Ne5 c5 12. f4 cxd4 13. exd4 Ne8 14. 0-0 f5 15. Ne3 Nc7 16. g4 Bxe5 17. dxe5 fxg4 18. Nd5 Qh4 19. Bxg4 Ne6 20. f5 Nc5 21. Be2 e3 22. Rf4 Qh6 23. b4 Ne6 24. Rf1 Ng5 25. bxa5 Nh3+ 26. Kh1 Nf2+ 27. Rxf2 exf2 28. Qd4 Bb7 29. Qxf2 Bxd5+ 30. cxd5 Qd2 31. d6 Qxa5 32. Bc4+ Kh8 33. Rg1 h6 34. f6 g5 35. f7 b5 36. Qf6+ 1-0

[Event "Ambelokipi op 155th"]
[Site "Athens"]
[Date "2015.10.14"]
[Round "5"]
[White "Papadimitriou, Loukas"]
[Black "Sideris, Nikiforos"]
[Result "1-0"]
[WhiteElo "2078"]
[BlackElo "2002"]
[PlyCount "95"]
[EventDate "2015.09.16"]
[EventType "swiss"]
[EventRounds "7"]
[EventCountry "GRE"]
[SourceTitle "EXT 2024"]
[Source "ChessBase"]
[SourceDate "2023.10.10"]
[SourceVersion "1"]
[SourceVersionDate "2023.10.10"]
[SourceQuality "1"]

1. d4 Nf6 2. c4 e6 3. Nc3 c5 4. d5 exd5 5. cxd5 d6 6. Nf3 g6 7. Qa4+ Bd7 8. Qb3 Qc7 9. e4 Bg7 10. Bf4 0-0 11. Bd3 Re8 12. 0-0 Na6 13. Rfe1 Nh5 14. Bg5 h6 15. Be3 g5 16. Nd2 Nf4 17. Bxf4 gxf4 18. Rac1 Rab8 19. Bb5 Re5 20. Nf3 Rh5 21. Ne2 Be5 22. Nxe5 dxe5 23. Bxa6 bxa6 24. Rxc5 Qd8 25. Qf3 Qh4 26. h3 Rg5 27. Kf1 Rxb2 28. Rc7 Bb5 29. a4 Bxe2+ 30. Rxe2 Rb1+ 31. Re1 Rxe1+ 32. Kxe1 Rg6 33. Rc6 Qe7 34. Qc3 Rxg2 35. Rxh6 Qb7 36. Ke2 Kg7 37. Rc6 Rg5 38. h4 Rh5 39. d6 Qd7 40. Qc4 Rxh4 41. Rc7 f3+ 42. Ke3 Qe8 43. Re7 Qf8 44. Qe6 Rh6 45. Qxe5+ Rf6 46. d7 Qh8 47. Re8 Qh7 48. Kd3 1-0

[Event "Isthmia op 5th"]
[Site "Loutraki"]
[Date "2015.08.18"]
[Round "1"]
[White "Sideris, Nikiforos"]
[Black "Mastrovasilis, Athanasios"]
[Result "0-1"]
[WhiteElo "1996"]
[BlackElo "2517"]
[PlyCount "72"]
[EventDate "2015.08.18"]
[EventType "swiss"]
[EventRounds "9"]
[EventCountry "GRE"]
[SourceTitle "EXT 2016"]
[Source "ChessBase"]
[SourceDate "2015.10.08"]
[SourceVersion "1"]
[SourceVersionDate "2015.10.08"]
[SourceQuality "1"]

1. b3 d5 2. Bb2 Bf5 3. Nf3 e6 4. g3 Nf6 5. Bg2 Be7 6. 0-0 h6 7. d3 0-0 8. Nbd2 c6 9. Ne5 Nbd7 10. e4 Bh7 11. Nxd7 Nxd7 12. Qh5 Bf6 13. e5 Be7 14. Bh3 a5 15. Qe2 a4 16. f4 Qb6+ 17. Kh1 c5 18. c4 dxc4 19. dxc4 Rfd8 20. f5 exf5 21. Bxf5 Bxf5 22. Rxf5 axb3 23. Nxb3 Qe6 24. Raf1 Rxa2 25. Rxf7 Bf6 26. R1xf6 gxf6 27. Rg7+ Kxg7 28. exf6+ Nxf6 29. Qxe6 Rd1+ 30. Kg2 Rxb2+ 31. Kh3 Rh1 32. g4 Rhxh2+ 33. Kg3 Rhe2 34. Qb6 Re3+ 35. Kf4 Rbxb3 36. Qc7+ Kg6 0-1

[Event "Heraklion Gazi op 11th"]
[Site "Heraklion"]
[Date "2015.07.29"]
[Round "6"]
[White "Aggeletos, Marios"]
[Black "Sideris, Nikiforos"]
[Result "0-1"]
[WhiteElo "1804"]
[BlackElo "1997"]
[PlyCount "82"]
[EventDate "2015.07.25"]
[EventType "swiss"]
[EventRounds "9"]
[EventCountry "GRE"]
[SourceTitle "CBM 167 Extra"]
[Source "ChessBase"]
[SourceDate "2015.09.14"]
[SourceVersion "1"]
[SourceVersionDate "2015.09.14"]
[SourceQuality "1"]

1. Nf3 c5 2. c4 Nc6 3. Nc3 g6 4. g3 Bg7 5. Bg2 e6 6. e3 Nge7 7. 0-0 0-0 8. Re1 d5 9. cxd5 Nxd5 10. d4 cxd4 11. Nxd5 exd5 12. Nxd4 Nxd4 13. exd4 Be6 14. Bf4 Qb6 15. Be5 Qxb2 16. Qb1 Qxb1 17. Raxb1 b6 18. Rb5 Rfd8 19. Bxg7 Kxg7 20. Re5 Rac8 21. Bxd5 a6 22. Bxe6 Rc1+ 23. Kg2 axb5 24. Bb3 Rxd4 25. Re7 Rcc4 26. Bxc4 bxc4 27. Rb7 Rd6 28. Rc7 b5 29. Rc5 Rb6 30. Kf1 Kf6 31. Ke1 Ke6 32. Kd1 Kd6 33. Rc8 Ra6 34. Rb8 Kc5 35. Rb7 Rxa2 36. Rxf7 b4 37. h4 b3 38. Kc1 c3 39. Rc7+ Kd4 40. Rd7+ Kc4 41. Rc7+ Kd3 0-1

[Event "Plzen op 6th"]
[Site "Plzen"]
[Date "2014.11.28"]
[Round "6"]
[White "Ilandzis, Spyridon"]
[Black "Sideris, Nikiforos"]
[Result "1/2-1/2"]
[WhiteElo "2148"]
[BlackElo "2017"]
[PlyCount "79"]
[EventDate "2014.11.23"]
[EventType "swiss"]
[EventRounds "7"]
[EventCountry "CZE"]
[SourceTitle "CBM 163 Extra"]
[Source "ChessBase"]
[SourceDate "2014.12.23"]
[SourceVersion "1"]
[SourceVersionDate "2014.12.23"]
[SourceQuality "1"]

1. d4 Nf6 2. c4 c5 3. d5 e6 4. Nc3 exd5 5. cxd5 d6 6. e4 g6 7. Nf3 Bg7 8. Be2 0-0 9. 0-0 a6 10. a4 Re8 11. Nd2 Nbd7 12. Qc2 Rb8 13. f4 Qe7 14. Ra3 Nf8 15. h3 Nh5 16. Bxh5 gxh5 17. a5 b5 18. axb6 Rxb6 19. Qd1 h4 20. Qh5 Ng6 21. Nf3 Rb4 22. f5 Ne5 23. Nxe5 Bxe5 24. Bg5 Bf6 25. Bxf6 Qxf6 26. Rf4 Rxb2 27. Rxh4 Bxf5 28. Nd1 Bg6 29. Rg3 Rb1 30. Qxh7+ Kf8 31. Qh6+ Ke7 32. Rd3 c4 33. e5 Qf5 34. Rxc4 Qxd3 35. exd6+ Kxd6 36. Qf4+ Ke7 37. Qe5+ Kf8 38. Qh8+ Ke7 39. Qe5+ Kf8 40. Qh8+ 1/2-1/2

[Event "Wch Seniors 50 24th"]
[Site "Katerini"]
[Date "2014.10.24"]
[Round "1"]
[White "Sideris, Nikiforos"]
[Black "Kalegin, Evgenij"]
[Result "0-1"]
[WhiteElo "2017"]
[BlackElo "2474"]
[PlyCount "63"]
[EventDate "2014.10.24"]
[EventType "swiss"]
[EventRounds "11"]
[EventCountry "GRE"]
[SourceTitle "EXT 2015"]
[Source "ChessBase"]
[SourceDate "2014.11.20"]
[SourceVersion "1"]
[SourceVersionDate "2014.11.20"]
[SourceQuality "1"]

1. e4 c5 2. Nf3 e6 3. d4 cxd4 4. Nxd4 a6 5. Bd3 Nf6 6. 0-0 Qc7 7. Nf3 Nc6 8. c3 Bc5 9. Nbd2 Ng4 10. Qe2 h5 11. h3 Nce5 12. Nxe5 Nxe5 13. Nf3 Nxd3 14. Qxd3 b6 15. Be3 Bb7 16. Rfe1 Rd8 17. b4 Bxe3 18. Qxe3 d6 19. Nd4 e5 20. Ne2 b5 21. Ng3 g6 22. a4 bxa4 23. Rxa4 Rc8 24. Ra3 Qe7 25. Rd1 0-0 26. Re1 Rc4 27. f3 Rfc8 28. Ne2 Qe6 29. Raa1 d5 30. exd5 Bxd5 31. Qh6 Qb6+ 32. Kf1 0-1

[Event "Heraklion Gazi op 10th"]
[Site "Heraklion"]
[Date "2014.08.04"]
[Round "7"]
[White "Sideris, Nikiforos"]
[Black "Gratsea, Ekaterini"]
[Result "1-0"]
[WhiteElo "2048"]
[BlackElo "1758"]
[PlyCount "93"]
[EventDate "2014.07.30"]
[EventType "swiss"]
[EventRounds "9"]
[EventCountry "GRE"]
[SourceTitle "EXT 2016"]
[Source "ChessBase"]
[SourceDate "2015.10.08"]
[SourceVersion "1"]
[SourceVersionDate "2015.10.08"]
[SourceQuality "1"]

1. e4 c5 2. Nf3 d6 3. d4 cxd4 4. Qxd4 Nc6 5. Bb5 Bd7 6. Bxc6 Bxc6 7. Nc3 Nf6 8. Bg5 h6 9. Bxf6 gxf6 10. 0-0-0 Rg8 11. Nh4 Qa5 12. Nd5 Rg4 13. g3 Bxd5 14. Qxd5 Qxd5 15. exd5 e5 16. f3 Rc4 17. Rhe1 Rac8 18. c3 b5 19. Re4 b4 20. Rxc4 Rxc4 21. Kc2 bxc3 22. bxc3 Ra4 23. Kb3 Ra5 24. c4 Kd7 25. Nf5 h5 26. Re1 Ra6 27. a3 Rb6+ 28. Kc3 a5 29. Kc2 a4 30. Rb1 Rxb1 31. Kxb1 Be7 32. Kc2 Bd8 33. Ng7 Bb6 34. Nxh5 f5 35. g4 fxg4 36. fxg4 Ke7 37. Ng3 Bc5 38. Kb2 Bd4+ 39. Ka2 Bg1 40. h3 Bf2 41. Ne4 Be1 42. Kb2 Bh4 43. Kc2 Be1 44. Kd3 Bh4 45. Nc3 Kf6 46. Nxa4 Bg5 47. Ke4 1-0

[Event "Heraklion Gazi op 10th"]
[Site "Heraklion"]
[Date "2014.08.03"]
[Round "6"]
[White "Aggelis, Nikolaos"]
[Black "Sideris, Nikiforos"]
[Result "1-0"]
[WhiteElo "2338"]
[BlackElo "2048"]
[PlyCount "45"]
[EventDate "2014.07.30"]
[EventType "swiss"]
[EventRounds "9"]
[EventCountry "GRE"]
[SourceTitle "EXT 2016"]
[Source "ChessBase"]
[SourceDate "2015.10.08"]
[SourceVersion "1"]
[SourceVersionDate "2015.10.08"]
[SourceQuality "1"]

1. d4 Nf6 2. Nf3 e6 3. g3 d5 4. Bg2 c5 5. 0-0 Nc6 6. c4 dxc4 7. Qa4 cxd4 8. Nxd4 Bd7 9. Nxc6 bxc6 10. Qxc4 Nd5 11. e4 Nb6 12. Qc3 f6 13. Be3 Qc7 14. Nd2 Be7 15. Nb3 Na4 16. Qc2 c5 17. e5 Rc8 18. exf6 Bxf6 19. Be4 g6 20. Nd2 Nxb2 21. Bxg6+ hxg6 22. Qxg6+ Ke7 23. Ne4 1-0

[Event "Heraklion Gazi op 10th"]
[Site "Heraklion"]
[Date "2014.08.01"]
[Round "4"]
[White "Gavrilov, Alexei"]
[Black "Sideris, Nikiforos"]
[Result "1-0"]
[WhiteElo "2494"]
[BlackElo "2048"]
[PlyCount "122"]
[EventDate "2014.07.30"]
[EventType "swiss"]
[EventRounds "9"]
[EventCountry "GRE"]
[SourceTitle "EXT 2016"]
[Source "ChessBase"]
[SourceDate "2015.10.08"]
[SourceVersion "1"]
[SourceVersionDate "2015.10.08"]
[SourceQuality "1"]

1. e4 c5 2. Nf3 d6 3. d4 cxd4 4. Nxd4 Nf6 5. Nc3 a6 6. Be2 e5 7. Nb3 Be7 8. 0-0 0-0 9. Qd3 Be6 10. Nd5 Bxd5 11. exd5 Nbd7 12. c4 b6 13. f4 Nc5 14. Qh3 Qc8 15. Qxc8 Rfxc8 16. Be3 Nfd7 17. Nd2 a5 18. Rad1 exf4 19. Bxf4 Ne5 20. Nb1 Ncd7 21. Na3 Rd8 22. Nb5 Rac8 23. b3 g6 24. g4 g5 25. Bg3 h6 26. h3 a4 27. Nd4 Bf8 28. Bd3 Nc5 29. Bf5 Ra8 30. Nc6 axb3 31. axb3 Nxb3 32. Nxd8 Rxd8 33. Bc2 Na5 34. Bxe5 dxe5 35. Bd3 e4 36. Be2 Nb7 37. Kg2 Bc5 38. Ra1 Nd6 39. Ra6 Kg7 40. Ra7 Re8 41. h4 gxh4 42. Kh3 Kg6 43. Kxh4 Re5 44. Kh3 Rg5 45. Rd7 Re5 46. Rb1 Kg5 47. Rxd6 Bxd6 48. Rxb6 Bc5 49. Rc6 Ba3 50. Kg3 Re8 51. d6 Rd8 52. c5 h5 53. gxh5 f5 54. Kh3 Bxc5 55. Rxc5 Rxd6 56. Kg3 Rb6 57. Kf2 Rd6 58. Re5 Rb6 59. Re8 Rf6 60. Ke3 Rb6 61. Rg8+ Kf6 1-0

[Event "Heraklion Gazi op 10th"]
[Site "Heraklion"]
[Date "2014.07.30"]
[Round "1"]
[White "Tselos, Alexandros"]
[Black "Sideris, Nikiforos"]
[Result "0-1"]
[WhiteElo "1250"]
[BlackElo "2048"]
[PlyCount "66"]
[EventDate "2014.07.30"]
[EventType "swiss"]
[EventRounds "9"]
[EventCountry "GRE"]
[SourceTitle "EXT 2016"]
[Source "ChessBase"]
[SourceDate "2015.10.08"]
[SourceVersion "1"]
[SourceVersionDate "2015.10.08"]
[SourceQuality "1"]

1. e4 c5 2. Nf3 d6 3. Bc4 Nf6 4. Nc3 a6 5. a3 b5 6. Ba2 Bb7 7. d3 e6 8. Qe2 Nbd7 9. Bg5 Be7 10. 0-0-0 Qa5 11. Bd2 b4 12. Nb1 Qb6 13. Be3 a5 14. a4 Bc6 15. Bb3 0-0 16. Nbd2 Qc7 17. Rhe1 Nb6 18. Bg5 Bxa4 19. Bxa4 Nxa4 20. Nc4 Nb6 21. e5 dxe5 22. Qxe5 Qc6 23. Nfd2 Nxc4 24. Nxc4 a4 25. b3 axb3 26. cxb3 Ng4 27. Qf4 Bxg5 28. Qxg5 Nxf2 29. Rd2 Ra1+ 30. Kc2 Rxe1 31. Rxf2 Qa6 32. Kd2 Qa1 33. Qg4 Qc1# 0-1

[Event "Heraklion Gazi op 9th"]
[Site "Heraklion"]
[Date "2013.08.02"]
[Round "8"]
[White "Sideris, Nikiforos"]
[Black "Townsend, M Paul"]
[Result "1/2-1/2"]
[WhiteElo "2143"]
[BlackElo "2246"]
[PlyCount "53"]
[EventDate "2013.07.27"]
[EventType "swiss"]
[EventRounds "9"]
[EventCountry "GRE"]
[SourceTitle "CBM 155 Extra"]
[Source "ChessBase"]
[SourceDate "2013.08.26"]
[SourceVersion "1"]
[SourceVersionDate "2013.08.26"]
[SourceQuality "1"]

1. e4 e6 2. d4 d5 3. exd5 exd5 4. Bd3 Nf6 5. Ne2 c5 6. c3 Nc6 7. 0-0 Bd6 8. Re1 0-0 9. h3 Re8 10. Nd2 cxd4 11. Nxd4 Rxe1+ 12. Qxe1 Nxd4 13. cxd4 Qb6 14. Nf3 Bd7 15. Qd1 Re8 16. b3 Bb5 17. Bb2 Bxd3 18. Qxd3 Ne4 19. Rc1 Bf4 20. Rc2 Qa5 21. a4 Bd6 22. g3 a6 23. Kg2 f6 24. Nd2 Nxd2 25. Rxd2 g6 26. Re2 Rxe2 27. Qxe2 1/2-1/2

[Event "Heraklion Gazi op 9th"]
[Site "Heraklion"]
[Date "2013.08.01"]
[Round "7"]
[White "Vrba, Michal"]
[Black "Sideris, Nikiforos"]
[Result "1/2-1/2"]
[WhiteElo "2019"]
[BlackElo "2143"]
[PlyCount "75"]
[EventDate "2013.07.27"]
[EventType "swiss"]
[EventRounds "9"]
[EventCountry "GRE"]
[SourceTitle "CBM 155 Extra"]
[Source "ChessBase"]
[SourceDate "2013.08.26"]
[SourceVersion "1"]
[SourceVersionDate "2013.08.26"]
[SourceQuality "1"]

1. e4 e5 2. Nf3 Nc6 3. Bc4 Bc5 4. 0-0 d6 5. c3 Bb6 6. d4 Qe7 7. d5 Nb8 8. Qc2 Nf6 9. h3 h6 10. a4 a6 11. Be2 Nh5 12. Na3 Ng3 13. Re1 Nxe2+ 14. Qxe2 Nd7 15. Nc4 Ba7 16. b4 0-0 17. Be3 f5 18. Bxa7 Rxa7 19. exf5 Rxf5 20. Ne3 Rf7 21. Nd2 Nf6 22. c4 Ra8 23. Ra3 Kh7 24. Nef1 Qf8 25. Ng3 g6 26. Rf1 Ng8 27. Re3 Bd7 28. Qd1 Ne7 29. Qc2 b5 30. Rf3 bxa4 31. Rxf7+ Qxf7 32. Nde4 Nf5 33. Ne2 Rf8 34. Qd1 Nh4 35. Qd3 Rb8 36. Qa3 Nf5 37. N4c3 Qf8 38. Ne4 1/2-1/2

[Event "Heraklion op 6th"]
[Site "Heraklion"]
[Date "2010.08.25"]
[Round "5"]
[White "Sideris, Nikiforos"]
[Black "Tsichlis, Christos Panagiotis"]
[Result "1-0"]
[WhiteElo "2182"]
[BlackElo "1170"]
[PlyCount "55"]
[EventDate "2010.08.22"]
[EventType "swiss"]
[EventRounds "9"]
[EventCountry "GRE"]
[SourceTitle "CBM 138 Extra"]
[Source "ChessBase"]
[SourceDate "2010.10.29"]
[SourceVersion "1"]
[SourceVersionDate "2010.10.29"]
[SourceQuality "1"]

1. e4 e5 2. Nf3 Nc6 3. Bb5 d6 4. d4 exd4 5. Nxd4 Bd7 6. Nc3 Nf6 7. 0-0 Be7 8. h3 0-0 9. f4 Nxd4 10. Qxd4 Bxb5 11. Nxb5 a6 12. Nc3 Re8 13. b3 Bf8 14. Bb2 Qe7 15. Rae1 Rad8 16. Kh2 c5 17. Qd3 Qd7 18. g4 Nxg4+ 19. hxg4 Qxg4 20. Qh3 Qxh3+ 21. Kxh3 Rc8 22. Nd5 c4 23. Nf6+ gxf6 24. Rg1+ Kh8 25. Bxf6+ Bg7 26. Rxg7 cxb3 27. Reg1 h5 28. Rxf7# 1-0

[Event "Heraklio op"]
[Site "Heraklion"]
[Date "2001.??.??"]
[Round "6"]
[White "Sideris, Nikiforos"]
[Black "Makropoulos, Georgios"]
[Result "0-1"]
[WhiteElo "2182"]
[BlackElo "2398"]
[PlyCount "66"]
[EventDate "2001.??.??"]
[EventType "swiss"]
[EventRounds "9"]
[EventCountry "GRE"]
[SourceTitle "CBM 085 Extra"]
[Source "ChessBase"]
[SourceDate "2002.01.21"]
[SourceVersion "1"]
[SourceVersionDate "2002.01.21"]
[SourceQuality "1"]

1. e4 c5 2. Nf3 e6 3. d4 cxd4 4. Nxd4 Nc6 5. Nb5 d6 6. Bf4 e5 7. Be3 Nf6 8. N1c3 h6 9. Na3 Ng4 10. Nc4 Be6 11. Be2 Nf6 12. f4 exf4 13. Bxf4 d5 14. exd5 Nxd5 15. Nxd5 Bxd5 16. Ne3 Be6 17. c3 Bc5 18. b4 Bb6 19. Qxd8+ Rxd8 20. h4 0-0 21. a4 a5 22. b5 Ne7 23. Nc4 Bxc4 24. Bxc4 Rfe8 25. Kf1 Rc8 26. Be2 Nd5 27. Bd2 Nxc3 28. Bg4 Rc4 29. Bf3 Ne4 30. Bxe4 Rexe4 31. Re1 Rxe1+ 32. Kxe1 Rxa4 33. Rh3 Re4+ 0-1